00813nam a2200289Ia 4500008004100000020001800041050000800059050001400067100002100081245002900102245005200131245002400183260001000207260001300217260000900230300002200239300002000261300001000281500003000291650001500321650001900336650001500355650001600370700001100386999001900397952010700416171025s9999 xx 000 0 und d a9781591844723 a501 bA664 2010 aArbesman, Samuel 4aThe half-life of facts : bwhy everything we know has an expiration date / cby Samuel Arbesman. aUSA : bCurrent, c2010 aviii, 242 pages : billustrations ; c23cm. aIncludes notes and index. aEvolution. aProbabilities. aScience -- xPhilosophy. aTitle. c344661d344661 001040aSSISMbSSISMd2017-10-25l0oNF 501 A664 2010pSSISM3714r2017-10-25 00:00:00w2017-10-25yBK